000 00420nam a2200181Ia 4500
005 20240823043700.0
008 240823s9999||||xx |||||||||||||| ||und||
041 _aENGLISH
082 _A621.3815287 N0
100 _aBerde M S
245 0 _aThyristor Engineering
250 _a6th
260 _c1990
_b"Khanna,Delhi"
500 _aTRANSFERED
650 _aThyristor
_bElectronics
942 _cBK
999 _c210794
_d210794